书目信息 |
| 题名: |
汽车柴油机电控技术
|
|
| 作者: | 张西振 , 田有为 主编 | |
| 分册: | ||
| 出版信息: | 北京 人民交通出版社 2007.08 |
|
| 页数: | 204页 | |
| 开本: | 26cm | |
| 丛书名: | ||
| 单 册: | ||
| 中图分类: | U472.43 | |
| 科图分类: | ||
| 主题词: | 汽车--qi che--柴油机--电气控制 | |
| 电子资源: | ||
| ISBN: | 978-7-114-06562-0 | |
| 000 | 01078nam0 2200277 450 | |
| 001 | 012008743578 | |
| 005 | 20080602104734.64 | |
| 010 | @a978-7-114-06562-0@dCNY23.00 | |
| 100 | @a20080602d2007 em y0chiy0120 ea | |
| 101 | 0 | @achi |
| 102 | @aCN@b110000 | |
| 105 | @aak a 000yy | |
| 106 | @ar | |
| 200 | 1 | @a汽车柴油机电控技术@Aqi che chai you ji dian kong ji shu@d= Electronic control technology of automobile diesel engine@f张西振, 田有为主编@Fzhang xi zhen,tian you wei zhu bian@zeng |
| 210 | @a北京@c人民交通出版社@d2007.08 | |
| 215 | @a204页@c图@d26cm | |
| 320 | @a有书目 (第204页) | |
| 321 | @a高职高专汽车专业教材 | |
| 330 | @a本书系统阐述了汽车柴油机电控系统的结构原理与维修方法,并对柴油机第三代压电式共轨系统、选择性催化转换技术、颗粒过滤器再生技术。 | |
| 510 | 1 | @aElectronic control technology of automobile diesel engine@zeng |
| 606 | 0 | @a汽车@Aqi che@x柴油机@x电气控制 |
| 690 | @aU472.43@v4 | |
| 701 | 0 | @a张西振@Azhang xi zhen@4主编 |
| 701 | 0 | @a田有为@Atian you wei@4主编 |
| 801 | 0 | @aCN@bQSSK@c20080602 |
| 905 | @b722589-91@dU472.43@eZ219@f3 | |
| 汽车柴油机电控技术= Electronic control technology of automobile diesel engine/张西振, 田有为主编.-北京:人民交通出版社,2007.08 |
| 204页:图;26cm |
| 高职高专汽车专业教材 |
| ISBN 978-7-114-06562-0:CNY23.00 |
| 本书系统阐述了汽车柴油机电控系统的结构原理与维修方法,并对柴油机第三代压电式共轨系统、选择性催化转换技术、颗粒过滤器再生技术。 |
| ● |
| 相关链接 |
|
|
|
正题名:汽车柴油机电控技术
索取号:U472.43/Z219
 
预约/预借
| 序号 | 登录号 | 条形码 | 馆藏地/架位号 | 状态 | 备注 |
| 1 | 722589 | 207225894 | 自科库501/501自科库 57排7列3层/ [索取号:U472.43/Z219] | 在馆 | |
| 2 | 722590 | 207225901 | 自科库501/501自科库 57排7列3层/ [索取号:U472.43/Z219] | 在馆 | |
| 3 | 722591 | 207225910 | 自科库501/501自科库 57排7列3层/ [索取号:U472.43/Z219] | 在馆 |